Catálogo
 En Linea

El barrio chino de Santo Domingo : (Registro nro. 46334)

Detalles MARC
000 -CABECERA
campo de control de longitud fija 01027nam a2200217 u 4500
001 - NÚMERO DE CONTROL
campo de control 000046845
005 - FECHA Y HORA DE LA ÚLTIMA TRANSACCIÓN
campo de control 20250122130826.0
008 - DATOS DE LONGITUD FIJA--INFORMACIÓN GENERAL
campo de control de longitud fija 100809s2016 dr c r 000 0 spa d
020 ## - NÚMERO INTERNACIONAL ESTÁNDAR DEL LIBRO
Número Internacional Estándar del Libro 9789945085600
040 ## - FUENTE DE LA CATALOGACIÓN
Centro catalogador/agencia de origen DO-SdBNP
Lengua de catalogación spa
Centro/agencia transcriptor BNPHU
082 ## - NÚMERO DE LA CLASIFICACIÓN DECIMAL DEWEY
Número de clasificación xxxx
Número de documento/Ítem xxx
100 1# - ENTRADA PRINCIPAL--NOMBRE DE PERSONA
Nombre de persona Ng Báez, Rosa
9 (RLIN) 74790
245 13 - MENCIÓN DE TÍTULO
Título El barrio chino de Santo Domingo :
Resto del título orígenes, construcción y aportes a las relaciones entre China y República Dominicana /
Mención de responsabilidad, etc. Rosa Ng Báez ; prólogo José Chez Checo.
260 ## - PUBLICACIÓN, DISTRIBUCIÓN, ETC.
Lugar de publicación, distribución, etc. Santo Domingo :
Nombre del editor, distribuidor, etc. Instituto de Cultura China,
Fecha de publicación, distribución, etc. 2016.
300 ## - DESCRIPCIÓN FÍSICA
Extensión 199 p. ; :
Otras características físicas retrs. ;
Dimensiones 23 cm.
500 ## - NOTA GENERAL
Nota general Incluye notas a pie de páginas
504 ## - NOTA DE BIBLIOGRAFÍA, ETC.
Nota de bibliografía, etc. Bibliografía p: 199
505 2# - NOTA DE CONTENIDO CON FORMATO
Título Mapa del barrio Chino --
-- Dedicatoria --
-- Preámbulo --
-- Prólogo --
-- Prefacio --
Información miscelánea Primera parte --
Título Origen y construcción del barrio Chino de Santo Domingo --
Información miscelánea Segunda parte --
Título China y República Dominicana --
590 ## - NOTA LOCAL (RLIN)
Nota local Inventariado, 2018/ YL
500 ## - NOTA GENERAL
Nota general Incluye datos biografícos de la autora en la solapa de la cubierta.
Existencias
Estado de retiro Estado de pérdida No para préstamo Código de colección Localización permanente Ubicación/localización actual Ubicación en estantería Fecha de adquisición Número de inventario Total de préstamos Signatura topográfica completa Código de barras Fecha visto por última vez Número de copia Precio válido a partir de Tipo de ítem Koha
    Excluido de préstamo Dominicana de Servicio General General En catalogación 03.04.2018 LF1   xxxx xxx 46845-30 25.06.2020 e. 3 25.06.2020 Libro y Folleto Colección Dominicana de Servicio
    Excluido de préstamo Patrimonio Dominicano Patrimonio Dominicano Patrimonio Dominicano En catalogación 03.04.2018 LF1   xxxx xxx 46845-10 25.06.2020   25.06.2020 Libro y Folleto Colección Patrimonio Dominicano
    Excluido de préstamo Patrimonio Dominicano Patrimonio Dominicano Patrimonio Dominicano En catalogación 03.04.2018 LF1   xxxx xxx 46845-20 25.06.2020 e. 2 25.06.2020 Libro y Folleto Colección Patrimonio Dominicano

Con tecnología Koha